=LDR 00000nam 2200000 4500 =001 INLIS000000000023195 =005 20130612121857 =008 ***********************************Ind** =035 ##$$0010-061300000023195 =041 ##$$a Ind =082 ##$$a F Rom K =090 ##$$a F Rom K, Asa s =100 ##$$a Asa, Rahmah =245 ##$$a Seri kisah mutiara siti, Rahmah Asa =260 ##$$a [s.a] $b Jakarta =300 ##$$a 22 hlm, ilus, 30 cm =650 ##$$a Fiksi anak-anak =850 ##$$a NBPNMAT